00721nam a22002057a 4500999001700000003000900017008004100026040007100067082002400138100002600162245004300188260005000231300002600281650002000307650001900327700004000346942001600386945000900402952010400411 c10596d10596AR-CdUCM190401b ||||| |||| 00| 0 spa d aMUNICIPALIDAD PROVINCIAL DEL CUSCOcBIBLIOTECA MUNICIPAL DEL CUSCO a800.2 /bR46 / 1884 aDe la Revilla, Manuel aHistoria de la literatura española / aMadrid :bLibrera de FrancscoIravedra,c1884. a782 paginas ;c21 cm. aEdad media9454 aPeriodos96092 aDe Alcantara García, Pedro927551 2ddccLIBROS apjha 002ddc4070aSCAbSCAcCARTd2019-04-01g60.00o800.2 / R46 / 1884pSCA0000867r2019-04-01yLIBROS